00687nam a22002052 4500001001100000005001700011008004100028020001700069040001500086050002200101100003600123245011400159250001300273260004200286300001800328650002800346650003900374700003400413700003400447000000252720151217151857.0070412s xx 000 0 eng d a0256130000 : aKABUcKABU 0aHF5635b.S17 19931 aEdwards, James Don.@000015190510aPrinciples of financial and managerial accounting /cJames Don Edwards, Roger H. Hermanson, Michael W. Maher. arev. ed. aBurr Ridge, Illinois :bIrwin,c1993. axxxi, 1310 p. 0aAccounting.@0000148321 0aManagerial accounting.@00001514721 aHermanson, Roger.@00001519061 aMaher, Michael W.@0000151633